[Event "Petroupoli ASOP Dias Seniors op"]
[Site "Petroupoli"]
[Date "2013.02.23"]
[Round "6.8"]
[White "Kontogiannis, Alexandros L"]
[Black "Abelakiotis, Stavros"]
[Result "0-1"]
[WhiteElo "1427"]
[BlackElo "1378"]
[PlyCount "60"]
[EventDate "2013.01.19"]
[EventType "swiss"]
[EventRounds "7"]
[EventCountry "GRE"]
[SourceTitle "EXT 2024"]
[Source "ChessBase"]
[SourceDate "2023.10.10"]
[SourceVersion "1"]
[SourceVersionDate "2023.10.10"]
[SourceQuality "1"]

1. e4 d5 2. exd5 Nf6 3. Bc4 Nxd5 4. Nc3 Nb6 5. Bb3 Nc6 6. Nge2 Bg4 7. f3 Bf5 8. 0-0 e6 9. Ng3 Bc5+ 10. Kh1 Bg6 11. f4 Nd4 12. d3 0-0 13. Nce4 Be7 14. Be3 Nf5 15. Nxf5 Bxf5 16. Ng3 Bg6 17. f5 exf5 18. Nxf5 Bf6 19. Bc5 Re8 20. Ba3 Qd7 21. Ng3 a5 22. Qf3 a4 23. Bc4 Nxc4 24. dxc4 c6 25. c3 Qe6 26. b3 axb3 27. axb3 Bc2 28. Rf2 Bxb3 29. Rb2 Qxc4 30. Nf5 Rxa3 0-1

[Event "Attica-ch U14 13"]
[Site "Athens"]
[Date "2012.12.28"]
[Round "5.2"]
[White "Kontogiannis, Alexandros L"]
[Black "Tsiros, Fragkiskos Vlasios"]
[Result "0-1"]
[WhiteElo "1419"]
[BlackElo "1893"]
[PlyCount "60"]
[EventDate "2012.12.22"]
[EventType "swiss"]
[EventRounds "7"]
[EventCountry "GRE"]
[SourceTitle "EXT 2024"]
[Source "ChessBase"]
[SourceDate "2023.10.10"]
[SourceVersion "1"]
[SourceVersionDate "2023.10.10"]
[SourceQuality "1"]

1. e4 c5 2. Nc3 Nc6 3. f4 g6 4. Nf3 Bg7 5. Bc4 e6 6. 0-0 Nge7 7. Qe1 0-0 8. d3 d5 9. Bb3 Nd4 10. Qh4 b5 11. a3 c4 12. dxc4 dxc4 13. Ba2 Nxc2 14. Rb1 Qb6+ 15. Kh1 Nc6 16. g4 N6d4 17. f5 Qd8 18. Bg5 f6 19. fxg6 hxg6 20. Bh6 g5 21. Qh5 Qe8 22. Qxe8 Rxe8 23. Nxd4 Nxd4 24. Bxg7 Kxg7 25. e5 Bb7+ 26. Kg1 fxe5 27. Rbd1 Rf8 28. Rxf8 Rxf8 29. h3 Bc6 30. Bb1 Rf4 0-1

[Event "Petroupoli op 10th"]
[Site "Petroupoli"]
[Date "2012.10.20"]
[Round "5"]
[White "Mihotas, Petros"]
[Black "Kontogiannis, Alexandros L"]
[Result "1-0"]
[WhiteElo "1872"]
[BlackElo "1426"]
[PlyCount "61"]
[EventDate "2012.10.06"]
[EventType "swiss"]
[EventRounds "7"]
[EventCountry "GRE"]
[SourceTitle "EXT 2013"]
[Source "ChessBase"]
[SourceDate "2012.11.22"]
[SourceVersion "1"]
[SourceVersionDate "2012.11.22"]
[SourceQuality "1"]

1. e4 c5 2. Nc3 d6 3. Nf3 g6 4. d4 cxd4 5. Nxd4 Bg7 6. Be3 Nf6 7. Be2 0-0 8. Qd2 Re8 9. 0-0-0 Nc6 10. f3 a6 11. h4 Nxd4 12. Bxd4 Be6 13. Nd5 Rc8 14. h5 Bxd5 15. exd5 Qd7 16. hxg6 hxg6 17. b3 Qf5 18. Ba1 Rc7 19. b4 Qd7 20. b5 Nh5 21. Bxg7 Kxg7 22. f4 Ng3 23. Rh2 Nxe2+ 24. Qxe2 Qf5 25. Rdh1 Qxf4+ 26. Kb1 e5 27. dxe6 fxe6 28. Rh7+ Kf8 29. Rxc7 Qd4 30. Qf3+ Kg8 31. Qf7# 1-0

[Event "Attica-ch U14"]
[Site "Peristeri"]
[Date "2012.04.19"]
[Round "4"]
[White "Kontogiannis, Alexandros L"]
[Black "Kalofonos, Panayotis"]
[Result "1-0"]
[WhiteElo "1401"]
[BlackElo "1783"]
[PlyCount "35"]
[EventDate "2012.04.17"]
[EventType "swiss"]
[EventRounds "7"]
[EventCountry "GRE"]
[SourceTitle "EXT 2024"]
[Source "ChessBase"]
[SourceDate "2023.10.10"]
[SourceVersion "1"]
[SourceVersionDate "2023.10.10"]
[SourceQuality "1"]

1. e4 c5 2. Nc3 d6 3. Bb5+ Bd7 4. Bxd7+ Qxd7 5. f4 Nc6 6. Nf3 g6 7. 0-0 Bg7 8. d3 Nf6 9. Qe1 0-0 10. f5 b6 11. Qh4 e5 12. Bh6 Nd4 13. Ng5 Qe8 14. fxg6 fxg6 15. Bxg7 Kxg7 16. Rxf6 Rxf6 17. Qxh7+ Kf8 18. Nd5 1-0

[Event "Petroupoli op 7th"]
[Site "Petroupoli"]
[Date "2011.12.03"]
[Round "7"]
[White "Kontogiannis, Alexandros L"]
[Black "Foutouhos, Spyridon"]
[Result "1/2-1/2"]
[WhiteElo "1373"]
[BlackElo "1330"]
[PlyCount "42"]
[EventDate "2011.11.12"]
[EventType "swiss"]
[EventRounds "7"]
[EventCountry "GRE"]
[SourceTitle "EXT 2013"]
[Source "ChessBase"]
[SourceDate "2012.11.22"]
[SourceVersion "1"]
[SourceVersionDate "2012.11.22"]
[SourceQuality "1"]

1. e4 e5 2. Nf3 Nf6 3. Nxe5 d6 4. Nf3 Nxe4 5. d4 d5 6. Bd3 Bb4+ 7. c3 Bd6 8. 0-0 0-0 9. c4 c6 10. Re1 Bf5 11. Nc3 Nxc3 12. bxc3 Bg4 13. Bd2 dxc4 14. Bxc4 Nd7 15. Re4 Bh5 16. Bf4 Bxf4 17. Rxf4 Nb6 18. Bb3 Nd5 19. Rf5 Nxc3 20. Qe1 Bxf3 21. Rxf3 Nd5 1/2-1/2

[Event "Petroupoli op 7th"]
[Site "Petroupoli"]
[Date "2011.11.19"]
[Round "3"]
[White "Kontogiannis, Alexandros L"]
[Black "Pavlis, Antonios"]
[Result "0-1"]
[WhiteElo "1373"]
[BlackElo "1765"]
[PlyCount "48"]
[EventDate "2011.11.12"]
[EventType "swiss"]
[EventRounds "7"]
[EventCountry "GRE"]
[SourceTitle "EXT 2013"]
[Source "ChessBase"]
[SourceDate "2012.11.22"]
[SourceVersion "1"]
[SourceVersionDate "2012.11.22"]
[SourceQuality "1"]

1. e4 d5 2. exd5 Nf6 3. d4 Nxd5 4. Nf3 Bg4 5. Bc4 c6 6. Bg5 Qa5+ 7. c3 e6 8. Nbd2 Bd6 9. Ne4 Bc7 10. h3 Bh5 11. 0-0 Nd7 12. Ng3 Bxf3 13. Qxf3 N5b6 14. Bxe6 fxe6 15. Qh5+ g6 16. Qh6 Rf8 17. Rfe1 Qd5 18. Re2 Bxg3 19. fxg3 Nf6 20. Rae1 0-0-0 21. Rxe6 Nbd7 22. h4 Qf5 23. h5 Ng4 24. Qxh7 Qf2+ 0-1

[Event "Heraklion 3rd op A"]
[Site "Heraklion"]
[Date "2011.09.08"]
[Round "4"]
[White "Eleftherakis, Panagiotis"]
[Black "Kontogiannis, Alexandros L"]
[Result "1/2-1/2"]
[WhiteElo "1546"]
[BlackElo "1190"]
[PlyCount "29"]
[EventDate "2011.09.06"]
[EventType "swiss"]
[EventRounds "7"]
[EventCountry "GRE"]
[SourceTitle "EXT 2024"]
[Source "ChessBase"]
[SourceDate "2023.10.10"]
[SourceVersion "1"]
[SourceVersionDate "2023.10.10"]
[SourceQuality "1"]

1. d4 Nf6 2. Nf3 g6 3. e3 d6 4. Bd3 Bg7 5. 0-0 0-0 6. b3 Nbd7 7. Bb2 e5 8. Nbd2 Re8 9. dxe5 Ng4 10. Rb1 Ndxe5 11. Nxe5 Nxe5 12. Nf3 Bg4 13. Be2 Nxf3+ 14. Bxf3 Bxf3 15. Qxf3 1/2-1/2

[Event "Petroupoli ASOP Dias op 4th"]
[Site "Petroupoli"]
[Date "2011.06.04"]
[Round "1"]
[White "Koutsounis, Vasilios"]
[Black "Kontogiannis, Alexandros L"]
[Result "1-0"]
[WhiteElo "1492"]
[BlackElo "1000"]
[PlyCount "43"]
[EventDate "2011.06.04"]
[EventType "swiss"]
[EventRounds "7"]
[EventCountry "GRE"]
[SourceTitle "EXT 2024"]
[Source "ChessBase"]
[SourceDate "2023.10.10"]
[SourceVersion "1"]
[SourceVersionDate "2023.10.10"]
[SourceQuality "1"]

1. Nf3 f5 2. g3 Nf6 3. Bg2 g6 4. 0-0 Bg7 5. d3 d5 6. e3 0-0 7. c4 c6 8. Nc3 h6 9. cxd5 cxd5 10. d4 Nc6 11. h3 Ne4 12. Qb3 e6 13. Nd2 Nf6 14. f4 Rb8 15. Nf3 Ne4 16. Kh2 Bd7 17. Qc2 Be8 18. h4 Bf7 19. Nxe4 fxe4 20. Ne5 Nxe5 21. fxe5 g5 22. Bh3 1-0